LEADER 01208nam a2200253 u 4500 001 000000009892 003 CaOOAMICUS 005 20070226105244.0 008 940516s1980 fr u000 u fre u 035 $a10247266 040 $aPUL$bita 100 1 $aFranck, Bernard.$0(OLS)http://pul/name/9745 245 10$aActualité nouvelle des Synodes :$ble Synode commun des Diocèses allemands (1971-1975) /$cpar Bernard Franck ; préface de Mgr. Schmitt. 260 $aParis :$bÉditions Beauchesne,$cc1980. 300 $a108 p. ;$c22 cm 490 1 $aLe point théologique ;$v36 650 4$aSinodi diocesani$zFrancia$y1971-1975.$0(OLS)http://pul/subject/8043 700 1 $aSchmitt, Paul-Joseph.$0(OLS)http://pul/name/9746 830 3$aLe point théologique ;$v36.$0(OLS)http://pul/title/10197 850 $aPUL 852 $aPUL$W1$xSL Religione 2$y84$mTheol A14 36$j14036$nBK-PRI$b $qStampati altre collocazioni$B14036$CPULBib$Z2$F14036 $H $81 941 1 $a10 996 $6245$aActualité nouvelle des Synodes :$ble Synode commun des Diocèses allemands (1971-1975)$9(OLS)http://pul/title/14474 996 $6260$aParis :$bÉditions Beauchesne$9(OLS)http://pul/publisher/52659 LEADER 01682nam a2200313 a 4500 001 000000139601 003 CaOOAMICUS 005 20140908100222.0 008 140908s2014 ne u000 u ger r 020 $z9789400758131* 040 $aPUL$bita 100 1 $aHusserl, Edmund,$d1859-1938.$0(OLS)http://pul/name/10441 245 10$aGrenzprobleme der Phänomenologie :$bAnalysen des Unbewusstseins und der Instinkte. Metaphysik. Späte Ethik. Texte aus dem Nachlass (1908-1937) /$cEdmund Husserl ; herausgegeben von Rochus Sowa und Thomas Vongehr. 260 $aDordrecht :$bSpringer Science+Business Media ,$c©2014. 300 $aCXV, 664 p. ;$c25 cm 490 1 $aHusserliana ;$vBd. 42 504 $aInclude bibliografia. 650 4$aFilosofia$zGermania$ySec. XX.$0(OLS)http://pul/subject/27797 700 1 $aSowa, Rochus.$0(OLS)http://pul/name/53631 700 1 $aVongehr, Thomas.$0(OLS)http://pul/name/90007 800 1 $aHusserl, Edmund,$d1859-1938.$tGesammelte Werke.$0(OLS)http://pul/nameTitle/1570$0(OLS)http://pul/name/10441$0(OLS)http://pul/title/152153 830 0$aHusserliana ;$vBd. 42.$0(OLS)http://pul/title/71568 850 $aPUL 852 $aPUL$W1$xSL Filosofia 1$y2$m86 M 42$j161222$b $qStampati$B160690$CPULBib$Z2$F160690 $H124556 $81 941 1 $a8 996 $6020$z9789400758131*$9(OLS)http://pul/number/155907 996 $6245$aGrenzprobleme der Phänomenologie :$bAnalysen des Unbewusstseins und der Instinkte. Metaphysik. Späte Ethik. Texte aus dem Nachlass (1908-1937)$9(OLS)http://pul/title/176721 996 $6260$aDordrecht :$bSpringer Science+Business Media $9(OLS)http://pul/publisher/82165